000
00239 a2200097 4500
001
34707
100
_a
Paxton J
245
_a
Library & Information science in Pakistan
260
_a
Lahore
_b
Punjab University Ltd
_c
090
_c
22990
_d
22990
942
_a
NUST-CAE
_c
M
_c
14436
999
_c
269780
_d
269780